000 01230nam a22002297a 4500
008 130821s2012 xxu gr eng
020 _a9780786465804
040 _aCO-BoUCM
_bspa
_cAngélica Rojas
_dAldemar Mondragón
041 0 0 _aeng
100 1 _aAlbini, Joseph L.
_932529
245 1 0 _aDeconstructing organized crime an historical and theoretical study
_cJoseph L. Albini y Jeffrey Scott McIllwain
260 _aJefferson (Carolina del Norte, Estados Unidos)
_bMcFarland & Company
_c2012
300 _avii, 209 páginas
505 0 _aPreface -- Introduction -- The mystique of the mafia -- The mafia belongs to Sicily -- Searching for "our thing" -- Revision -- Organizing crime -- Survival of the fittest : from Russia to the original Sin city -- Globalization and organized criminals -- The organized crime matrix : a transnational system of social networks of organized criminal activity -- Works cited -- Index
650 7 _aCrimen organizado
_xHistoria
_932530
650 7 _aCriminología
_912152
650 7 _aDelitos
_912564
690 _aProblemas sociales
700 1 _aMcIllwain, Jeffrey Scott
_d1969-
_932531
942 _cLIBRO
_a6
_e1
_mA336d
_2DEWEY
_h364.10609
999 _c165790
_d165790